书目信息 |
| 题名: |
金银岛
|
|
| 作者: | 程锡麟 , 敖凡 译 | |
| 分册: | ||
| 出版信息: | 成都 四川人民出版社 1999.02 |
|
| 页数: | 69页 | |
| 开本: | 24开 | |
| 丛书名: | ||
| 单 册: | ||
| 中图分类: | I14 | |
| 科图分类: | ||
| 主题词: | 小说--作品集--世界 | |
| 电子资源: | ||
| ISBN: | 7-220-04397-X | |
| 000 | 00561nam0 2200205 45 | |
| 001 | 0008100911 | |
| 005 | 20000810152757.5 | |
| 010 | @a7-220-04397-X@d5.60元 | |
| 100 | @a20000810d1999 km y0chiy0120 ea | |
| 101 | 0 | @achi |
| 105 | @a z 000yy | |
| 200 | 1 | @a金银岛@AJin Yin Dao@f程锡麟,敖凡译@FCheng Xi Lin,Ao Fan Yi |
| 210 | @a成都@c四川人民出版社@d1999.02 | |
| 215 | @a69页@d24开 | |
| 606 | 0 | @a小说@x作品集@x世界 |
| 690 | @aI14@v3 | |
| 701 | 0 | @a程锡麟@4译 |
| 701 | 0 | @a敖凡@4译 |
| 801 | @aCN@bPftUser@c20000810 | |
| 905 | @dI14@eCH464/4@b101595-599@f5 | |
| 金银岛/程锡麟,敖凡译.-成都:四川人民出版社,1999.02 |
| 69页;24开 |
| ISBN 7-220-04397-X:5.60元 |
| ● |
| 相关链接 |
|
|
|
正题名:金银岛
索取号:I14/CH464/4
 
预约/预借
| 序号 | 登录号 | 条形码 | 馆藏地/架位号 | 状态 | 备注 |
| 1 | 101595 | 201015953 | 社科二线400B/400B社科库 9排3列4层/ [索取号:I14/CH464/4] | 在馆 | |
| 2 | 101596 | 201015962 | 文学库108/400B社科库 26排3列4层/ [索取号:I14/CH464/4] | 在馆 | |
| 3 | 101597 | 201015971 | 文学库108/400B社科库 26排3列4层/ [索取号:I14/CH464/4] | 在馆 | |
| 4 | 101598 | 201015980 | 社科二线400B/400B社科库 9排3列4层/ [索取号:I14/CH464/4] | 在馆 | |
| 5 | 101599 | 201015999 | 文学库108/400B社科库 26排3列4层/ [索取号:I14/CH464/4] | 在馆 |